=LDR 00000nam 2200000 4500 =001 INLIS000000000040893 =005 20130612150441 =008 ***********************************ind** =035 ##$$0010-061300000040893 =041 ##$$a ind =082 ##$$a 343.8 =090 ##$$a 343.8, Sum k =100 ##$$a Sumaryati, E =245 ##$$a Kamus pintar peribahasa Indonesia, Untuk pe4lajar, mahasiswa dan umum/ E. Sumaryati =260 ##$$a 2011 $b Yogyakarta =300 ##$$a 219 hlm., 18 cm =650 ##$$a Pepatah - Peribahasa =850 ##$$a NBPNMAT